| 000 | 00542nam a2200169Ia 4500 | ||
|---|---|---|---|
| 005 | 20250508155409.0 | ||
| 008 | 008 250505s9999 xx 000 0 eng d | ||
| 037 | _aBooks to be hide in OPAC | ||
| 040 |
_aFEDL _beng _cFEDL |
||
| 041 |
_aeng _2eng |
||
| 084 |
_a375.745, VEN/O _qFEDL |
||
| 245 | 0 | _aGardening and agriculture grade V : A guide book for basic school teachers | |
| 260 |
_aNew Delhi, India _bNationa Institute of Basic Education |
||
| 300 | _a18p. | ||
| 942 |
_cHB _h375.745, VEN/O |
||
| 999 |
_c1356453 _d1356453 |
||